000 00707nam a2200289Ia 4500
005 20260324111923.0
008 008 260324s9999 xx 000 0 eng d
020 _a9781003477648
037 _aEBOOK
040 _aCRL
040 _beng
040 _cCRL
041 _2eng
041 _aeng
084 _qCRL
100 _aToni R. Barton
_91140557
245 0 _aSix Principles for Building a Truly Inclusive School
245 2 _bA Call to Action for K–12 Leaders
260 _bTaylor and Francis
260 _c2025
365 _a
365 _b230
856 _uhttp://www.taylorfrancis.com/books/9781003477648
942 _cEBOOK
999 _c1729553
_d1729553